000 02471nam a2200625 i 4500
001 42257
003 KOSZ 005
005 20240405063138.0
008 021014s2002 pl a f |100 0 pol
015 _aPB 2002/17041
020 _a8390948419
035 _a991019548539705066
035 _a(PL-WaBN)b15298036-48omnis_nlop
035 _ab15298036
035 _a(OCoLC)749407153
035 _a(PL)b0000001529803
035 _a(EXLNZ-48OMNIS_NETWORK)9910125786805606
040 _aWA N
_cWA N
_dKOSZ 005/HR
041 0 _apol
046 _k2002
080 _a351.746.1(438)
080 _a005.95/.96
080 _a658.3
080 _a331.1
080 _a(06)
245 0 0 _aRozwój potencjału społecznego organizacji :
_bproblemy rozwoju kadr straży granicznej : materiały konferencyjne /
_cred. nauk. Kazimierz Dobrzański, Barbara Woźniak ; [Centralny Ośrodek Szkolenia Straży Granicznej, Wydział Ekonomii i Zarządzania Politechniki Koszalińskiej, Wydział Studiów Edukacyjnych Uniwersytetu im. Adama Mickiewicza].
260 _aKoszalin :
_bCOSSG,
_c2002.
300 _a289 s. :
_bil. ;
_c25 cm.
336 _2rdacontent
_aTekst
_btxt
337 _2rdamedia
_aBez urządzenia pośredniczącego
_bn
338 _2rdacarrier
_aWolumin
_bnc
380 _aKsiążki
380 _aPublikacje naukowe
388 _a2001-
504 _aBibliogr. przy art.
648 7 _a1901-2000
648 7 _a2001-
650 7 _aZarządzanie zasobami ludzkimi (HRM)
650 7 _aZarządzanie
_2DBN
658 _aZarządzanie i marketing
658 _aPolityka, politologia, administracja publiczna
651 7 _aPolska
648 7 _a1989-2000
655 7 _aMateriały konferencyjne
_2DBN
650 7 _aStraż graniczna
_2DBN
650 7 _aSzkolenie zawodowe
700 1 _aDobrzański, Kazimierz
_d(1934- )
_eRedakcja
710 2 _aCentralny Ośrodek Szkolenia Straży Granicznej
710 2 _aWydział Ekonomii i Zarządzania (Politechnika Koszalińska)
_b
700 1 _aWoźniak, Barbara
_eRedakcja
710 2 _aWydział Studiów Edukacyjnych (Uniwersytet im. Adama Mickiewicza ; Poznań)
_4Instytucja sprawcza
856 _uhttp://koha.tu.koszalin.pl/cgi-bin/koha/opac-detail.pl?biblionumber=42257
_yKatalog online BPK
942 _2UKD
_cKS
999 _c42257
_d42257